Châteaux médiévaux de Bretagne - France - Statistiques

Statistiques générales
  • Ce quiz a été pris 64 fois
  • Le résultat moyen est 7 sur 18
Statistiques - réponses
Par images Réponse % Correct
Château de Fougères
89%
Château de Brest
73%
Château de Nantes / Château des Ducs de Bretagne
71%
Château de Vitré
62%
Château de Dinan
51%
Château de Josselin
47%
Fort la Latte / La Roche Goyon
47%
Château de Suscinio
42%
Château de Pontivy / Château des Rohan
33%
Cité de Guérande
29%
Château de Combourg
27%
Château de Clisson
22%
Château de Guingamp / Château Pierre II
20%
Château de La Roche Jagu
16%
Château de la Hunaudaye
13%
Château de Roc'h Morvan / Château de La Roche Maurice
9%
Château du Guildo
9%
Château de Blain
2%
Aucun quiz correspondant
Distribution des résultats
% des personnes avec chaque résultat
Percentile par nombre de réponses
Votre historique - résultats
Vous n’avez pas pris ce quiz